Euroislam skúsenosť džadidizmu

Pojem "euroislam" v publikáciách vedcov B. Tibbiho a R. Hakimova. Islam v tatarskej moslimskej spoločnosti. Vznik džadidizmu - spojenia islamu so vzdelávaním, vedou a socialistickými ideami. Koncepcia euroislamu v rozpore s džadidskou praxou.

Guardado en:
Detalles Bibliográficos
Autor principal: Sayfiddinov, Alisher
Formato: Capítulo de libro
Lenguaje:eslovaco
Materias:
Etiquetas: Agregar Etiqueta
Sin Etiquetas, Sea el primero en etiquetar este registro!

MARC

LEADER 00000naa$a2200000$$$4500
001 0053038
005 20240611082352.1
041 0 |a slo 
044 |a SK 
245 1 0 |a Euroislam  |b skúsenosť džadidizmu  |c Alisher Saifiddinov 
520 |a Pojem "euroislam" v publikáciách vedcov B. Tibbiho a R. Hakimova. Islam v tatarskej moslimskej spoločnosti. Vznik džadidizmu - spojenia islamu so vzdelávaním, vedou a socialistickými ideami. Koncepcia euroislamu v rozpore s džadidskou praxou. 
610 2 0 |a náboženstvo 
610 2 0 |a islam 
610 2 0 |a ideológia 
610 2 0 |a história 
610 2 0 |a kultúra 
610 2 0 |a národ 
610 2 0 |a Európa 
100 1 |a Sayfiddinov, Alisher